000 00514nam a22001937a 4500
999 _c4451
_d4451
003 OSt
005 20181206094115.0
008 181205b ||||| |||| 00| 0 eng d
040 _cDLC
082 _a248.5
245 _aPsalms Of Victory /
_cBy Robert Parsons.
260 _aIllinois, USA :
_bMoody Bible Institute,
_cc1965.
300 _a30 p.:
490 _aMoody Manna
630 _aMoody Manna
650 _a2 Tim: 2:15
_xPsalms Of Victory
650 _xDevotional Studies In Psalms 11-20
942 _2ddc
_cBK